[Event "Plzen KB op-C U18"]
[Site "Plzen"]
[Date "1997.??.??"]
[Round "6"]
[White "Micka, Vladislav"]
[Black "Kubikova, Hana"]
[Result "0-1"]
[WhiteElo "1630"]
[BlackElo "2195"]
[PlyCount "78"]
[EventDate "1997.??.??"]
[EventRounds "9"]
[EventCountry "CZE"]
[Source "ChessBase"]
[SourceDate "1996.11.15"]

1. e4 c5 2. Nf3 Nc6 3. d4 cxd4 4. Nxd4 Nf6 5. Nc3 e5 6. Ndb5 d6 7. Bg5 a6 8.
Bxf6 gxf6 9. Na3 b5 10. Nd5 Bg7 11. c3 f5 12. exf5 Bxf5 13. Qf3 Be6 14. Nf6+
Qxf6 15. Qxc6+ Ke7 16. Rd1 Bd7 17. Qe4 Rac8 18. f3 Bc6 19. Qd3 e4 20. fxe4 Qh4+
21. g3 Qxe4+ 22. Qxe4+ Bxe4 23. Rg1 b4 24. cxb4 Bxb2 25. Nb1 Bc2 26. Rg2 Bxd1
27. Rxb2 Bf3 28. Bxa6 Ra8 29. b5 Rhb8 30. Rb3 Bd5 31. Re3+ Kd7 32. Nc3 Bc4 33.
Ne4 Bxb5 34. Nf6+ Kc6 35. Rc3+ Kb6 36. Bxb5 Kxb5 37. Nd5 Rc8 38. Nc7+ Ka4 39.
Rc4+ Ka3 0-1

[Event "Plzen KB op-C U18"]
[Site "Plzen"]
[Date "1997.??.??"]
[Round "8"]
[White "Micka, Vladislav"]
[Black "Tenk, Petr"]
[Result "1-0"]
[WhiteElo "1630"]
[BlackElo "1885"]
[PlyCount "83"]
[EventDate "1997.??.??"]
[EventRounds "9"]
[EventCountry "CZE"]
[Source "ChessBase"]
[SourceDate "1996.11.15"]

1. e4 e6 2. d4 d5 3. Nd2 Nf6 4. e5 Nfd7 5. Bd3 c5 6. c3 Nc6 7. Ne2 Qb6 8. Nf3
Be7 9. O-O cxd4 10. cxd4 f6 11. Nf4 Nf8 12. Re1 f5 13. a3 Bd7 14. Be3 O-O-O 15.
b4 g5 16. Ne2 f4 17. Bc1 g4 18. Nd2 f3 19. gxf3 gxf3 20. Nxf3 Rg8+ 21. Kh1 Ng6
22. Rg1 Rdf8 23. Bxg6 Rxf3 24. Bxh7 Rxg1+ 25. Kxg1 Qd8 26. Nf4 Rc3 27. Bb2 Rc4
28. Bd3 Nxe5 29. Bxc4 Nxc4 30. Bc3 Qg8+ 31. Kh1 Qg5 32. Qf3 e5 33. dxe5 d4 34.
Bxd4 Bc6 35. Nd5 Nd2 36. Qg2 Qxg2+ 37. Kxg2 Bxd5+ 38. Kg3 Nf3 39. Rc1+ Kd7 40.
Bc5 Bh4+ 41. Kg4 Be6+ 42. Kxf3 1-0

[Event "Plzen KB op-C U18"]
[Site "Plzen"]
[Date "1997.??.??"]
[Round "8"]
[White "Novak, Ksenija"]
[Black "Adamek, Frantisek"]
[Result "0-1"]
[WhiteElo "1825"]
[BlackElo "2050"]
[PlyCount "82"]
[EventDate "1997.??.??"]
[EventRounds "9"]
[EventCountry "CZE"]
[Source "ChessBase"]
[SourceDate "1996.11.15"]

1. e4 e6 2. d4 d5 3. Nc3 Bb4 4. Bd2 dxe4 5. Qg4 Qxd4 6. O-O-O f5 7. Qh5+ g6 8.
Qh4 Be7 9. Qg3 Qb6 10. Bf4 Na6 11. Bxa6 bxa6 12. Bxc7 Qc5 13. Nge2 Nf6 14. h3
O-O 15. Bd6 Bxd6 16. Qxd6 Qxd6 17. Rxd6 Kf7 18. Rhd1 Bb7 19. Nf4 Rae8 20. g3 g5
21. Nfe2 Ke7 22. Na4 Nd5 23. Rxe6+ Kxe6 24. Nc5+ Ke5 25. Nxb7 Rc8 26. Na5 Rf7
27. b3 Rfc7 28. Nc4+ Rxc4 29. bxc4 Rxc4 30. Kb2 f4 31. gxf4+ gxf4 32. Rg1 f3
33. Nc1 Nf4 34. Rg5+ Kf6 35. h4 Nh3 36. Ra5 Nxf2 37. Rxa6+ Ke5 38. Rxa7 Nd1+
39. Kb3 Rc3+ 40. Kb4 f2 41. Rf7 Rxc2 0-1

[Event "Plzen KB op-C U18"]
[Site "Plzen"]
[Date "1997.??.??"]
[Round "2"]
[White "Novak, Ksenija"]
[Black "Micka, Vladislav"]
[Result "0-1"]
[WhiteElo "1825"]
[BlackElo "1630"]
[PlyCount "48"]
[EventDate "1997.??.??"]
[EventRounds "9"]
[EventCountry "CZE"]
[Source "ChessBase"]
[SourceDate "1996.11.15"]

1. e4 e6 2. d4 d5 3. Nc3 Bb4 4. Bd2 dxe4 5. Qg4 Nf6 6. Qxg7 Rg8 7. Qh6 Rg6 8.
Qh4 Rg4 9. Qh6 e3 10. fxe3 Bf8 11. Qh3 e5 12. Qf3 exd4 13. exd4 Rxd4 14. O-O-O
Be6 15. Bb5+ c6 16. Bd3 Nbd7 17. Bg5 Qa5 18. Bxf6 Bh6+ 19. Kb1 Rf4 20. Qe2 Nxf6
21. Bc4 Rxc4 22. Nf3 Rxc3 23. b3 Nd5 24. Nd4 Re3 0-1

[Event "Plzen KB op-C U18"]
[Site "Plzen"]
[Date "1997.??.??"]
[Round "5"]
[White "Rybak, Milan"]
[Black "Baumruk, Josef"]
[Result "1-0"]
[WhiteElo "2280"]
[BlackElo "1875"]
[PlyCount "41"]
[EventDate "1997.??.??"]
[EventRounds "9"]
[EventCountry "CZE"]
[Source "ChessBase"]
[SourceDate "1996.11.15"]

1. e4 e6 2. d4 d5 3. Nd2 c5 4. exd5 Qxd5 5. Ngf3 cxd4 6. Bc4 Qh5 7. O-O Nf6 8.
Be2 Bd6 9. Nc4 Bc7 10. Nfe5 Qh4 11. g3 Qh3 12. Qxd4 Bd7 13. Nd6+ Ke7 14. Nxb7
h5 15. Qc5+ Ke8 16. Qxc7 Na6 17. Bxa6 h4 18. Nxd7 Nxd7 19. Rd1 e5 {#} 20. Rxd7
Qxd7 21. Bb5 1-0

[Event "Plzen KB op-C U18"]
[Site "Plzen"]
[Date "1997.??.??"]
[Round "7"]
[White "Rybak, Milan"]
[Black "Jenc, Milan"]
[Result "1-0"]
[WhiteElo "2225"]
[BlackElo "1760"]
[PlyCount "55"]
[EventDate "1997.??.??"]
[EventRounds "9"]
[EventCountry "CZE"]
[Source "ChessBase"]
[SourceDate "1996.11.15"]

1. e4 c5 2. c3 d5 3. exd5 Qxd5 4. d4 Nc6 5. Nf3 e6 6. Bd3 Nf6 7. O-O Be7 8. Be3
Ng4 9. Bf4 O-O 10. c4 Qd8 11. d5 Nb4 12. h3 Bf6 13. hxg4 Bxb2 14. Be5 Bxa1 15.
Bxa1 Nxd3 16. Qxd3 exd5 17. cxd5 Bxg4 18. Ne5 Qf6 19. Nd2 Bf5 20. Qg3 Qd6 21.
Ndc4 Qh6 22. Ne3 Bg6 23. Nd7 Rfd8 24. Ng4 Qd2 25. Qe5 f6 26. Ndxf6+ gxf6 27.
Qxf6 Qd4 28. Nh6# 1-0

[Event "Plzen KB op-C U18"]
[Site "Plzen"]
[Date "1997.??.??"]
[Round "1"]
[White "Rybak, Milan"]
[Black "Novak, Ksenija"]
[Result "1-0"]
[WhiteElo "2225"]
[BlackElo "1825"]
[PlyCount "69"]
[EventDate "1997.??.??"]
[EventRounds "9"]
[EventCountry "CZE"]
[Source "ChessBase"]
[SourceDate "1996.11.15"]

1. e4 c5 2. c3 a6 3. d4 e6 4. Nf3 d6 5. dxc5 Nc6 6. cxd6 Bxd6 7. Nbd2 b5 8. a4
Rb8 9. axb5 axb5 10. Be2 Qc7 11. Nb3 Nf6 12. Nbd4 Nxd4 13. Nxd4 Bd7 14. Be3
Nxe4 15. Nxb5 Bxb5 16. Bxb5+ Rxb5 17. Ra8+ Rb8 18. Rxb8+ Qxb8 19. Qa4+ Ke7 20.
Qxe4 Qxb2 21. O-O Qxc3 22. Bg5+ f6 23. Rc1 Qb4 24. Rc7+ Kd8 25. Rc4 Qb8 26. Be3
Ke7 27. g3 Qa8 28. Qg4 g6 29. Ra4 Qc6 30. Ra7+ Bc7 31. Qb4+ Kd7 32. Qd4+ Qd5
33. Qxf6 Qd1+ 34. Kg2 Rc8 35. Qf7+ 1-0

[Event "Plzen KB op-C U18"]
[Site "Plzen"]
[Date "1997.??.??"]
[Round "8"]
[White "Sladek, Jaroslav"]
[Black "Kovarik, Josef"]
[Result "0-1"]
[WhiteElo "1910"]
[BlackElo "1710"]
[PlyCount "72"]
[EventDate "1997.??.??"]
[EventRounds "9"]
[EventCountry "CZE"]
[Source "ChessBase"]
[SourceDate "1996.11.15"]

1. e4 e6 2. d4 d5 3. Nc3 Nf6 4. e5 Nfd7 5. Nce2 c5 6. c3 Nc6 7. a3 cxd4 8. cxd4
Qb6 9. Nf3 f6 10. Nf4 fxe5 11. Nxe6 e4 12. Nfg5 Nf6 13. Bf4 Bxe6 14. Nxe6 Rc8
15. g3 Nb4 16. Qa4+ Kf7 17. Ng5+ Kg6 18. Rc1 Rxc1+ 19. Bxc1 Qxd4 20. Qb3 Nc6
21. Be3 Qe5 22. Qxb7 Nd8 23. Qxa7 Qxb2 24. Be2 Bxa3 25. Nh3 Bb4+ 26. Kf1 h6 27.
Kg2 Ne6 28. Ba6 d4 29. Bc1 Qc3 30. Qb6 Re8 31. Rf1 Qf3+ 32. Kg1 Bc3 33. Be2
Qxe2 34. Qxe6 Qxf1+ 35. Kxf1 Rxe6 36. Nf4+ Kf7 0-1

[Event "Plzen KB op-C U18"]
[Site "Plzen"]
[Date "1997.??.??"]
[Round "2"]
[White "Sladek, Jaroslav"]
[Black "Markov, Jurij"]
[Result "0-1"]
[WhiteElo "1910"]
[BlackElo "2415"]
[PlyCount "106"]
[EventDate "1997.??.??"]
[EventRounds "9"]
[EventCountry "CZE"]
[Source "ChessBase"]
[SourceDate "1996.11.15"]

1. e4 Nf6 2. e5 Nd5 3. d4 d6 4. c4 Nb6 5. exd6 cxd6 6. b3 g6 7. Be3 Bg7 8. Nc3
O-O 9. Qd2 a5 10. a4 Nc6 11. Rc1 Nb4 12. Na2 Nxa2 13. Qxa2 d5 14. c5 Nd7 15.
Bb5 Nb8 16. f4 Nc6 17. Nf3 Bg4 18. Ne5 Nxe5 19. fxe5 f6 20. exf6 Rxf6 21. Rf1
Re6 22. Qd2 Bh6 23. Rc3 b6 24. Kf2 Rxe3 25. Rxe3 bxc5 26. Qe1 Bxe3+ 27. Qxe3
cxd4 28. Qxd4 Be6 29. Rd1 Qd6 30. Kg1 Rf8 31. Re1 Rf5 32. Qa7 Qb4 33. Qa8+ Kg7
34. Rf1 Rf4 35. Rxf4 Qxf4 36. Qxa5 Qe3+ 37. Kf1 Qxb3 38. Qe1 Kf7 39. Qh4 Qd1+
40. Kf2 Qd2+ 41. Kf1 h5 42. Be2 Bf5 43. Qg3 Qc1+ 44. Kf2 Qc5+ 45. Kf1 d4 46.
Bb5 Qc1+ 47. Qe1 Qxe1+ 48. Kxe1 Ke6 49. Bc6 Kd6 50. Bf3 e5 51. a5 e4 52. Bd1
Kc5 53. Ba4 e3 0-1

[Event "Plzen KB op-C U18"]
[Site "Plzen"]
[Date "1997.??.??"]
[Round "4"]
[White "Sladek, Jaroslav"]
[Black "Vanek, Jiri"]
[Result "1-0"]
[WhiteElo "1910"]
[BlackElo "1755"]
[PlyCount "43"]
[EventDate "1997.??.??"]
[EventRounds "9"]
[EventCountry "CZE"]
[Source "ChessBase"]
[SourceDate "1996.11.15"]

1. e4 c5 2. d4 cxd4 3. c3 dxc3 4. Nxc3 Nc6 5. Bc4 e6 6. Nf3 Qc7 7. O-O a6 8.
Qe2 b5 9. Bb3 Na5 10. Bg5 Nxb3 11. axb3 Bb7 12. Rac1 Bc6 {#} 13. Nd5 Qb7 14.
Ne5 Ne7 15. Qf3 f5 16. Nxe7 Bxe7 17. Qh5+ g6 18. Nxg6 hxg6 19. Qxh8+ Bf8 20.
Bh6 Ke7 21. Bg5+ Ke8 22. Qf6 1-0

[Event "Plzen KB op-C U18"]
[Site "Plzen"]
[Date "1997.??.??"]
[Round "3"]
[White "Srba, S."]
[Black "Novak, Ksenija"]
[Result "1/2-1/2"]
[WhiteElo "1750"]
[BlackElo "1825"]
[PlyCount "32"]
[EventDate "1997.??.??"]
[EventRounds "9"]
[EventCountry "CZE"]
[Source "ChessBase"]
[SourceDate "1996.11.15"]

1. e4 c5 2. Nf3 a6 3. d4 cxd4 4. Nxd4 Qc7 5. Nc3 e5 6. Nf3 Bb4 7. Bd2 Nf6 8.
Bd3 d6 9. h3 b5 10. Qe2 O-O 11. O-O Bb7 12. a4 Bxc3 13. Bxc3 Nbd7 14. axb5 axb5
15. Nd2 Nc5 16. Bb4 Rfc8 1/2-1/2

[Event "Plzen KB op-C U18"]
[Site "Plzen"]
[Date "1997.??.??"]
[Round "3"]
[White "Szarowski, Daniel"]
[Black "Kalista, Karel"]
[Result "1-0"]
[WhiteElo "1905"]
[BlackElo "1815"]
[PlyCount "119"]
[EventDate "1997.??.??"]
[EventRounds "9"]
[EventCountry "CZE"]
[Source "ChessBase"]
[SourceDate "1996.11.15"]

1. e4 e6 2. d4 d5 3. Nc3 Nf6 4. e5 Nfd7 5. Nf3 c5 6. dxc5 Nxc5 7. Be2 Be7 8.
O-O O-O 9. Bf4 Nc6 10. Bg3 Qb6 11. Rb1 f6 12. Nb5 fxe5 13. Nxe5 Nxe5 14. Bxe5
a6 15. Nd4 Bd6 16. Bxd6 Qxd6 17. c4 e5 18. Nb3 d4 19. Nxc5 Qxc5 20. b4 Qe7 21.
Bd3 Bf5 22. f3 Qg5 23. Re1 Bxd3 24. Qxd3 Rf4 25. Re4 Raf8 26. Rxf4 Qxf4 27. Re1
h5 28. Qe4 Qxe4 29. Rxe4 Rd8 30. Kf1 d3 31. Ke1 Kf7 32. Rxe5 Rd4 33. Re4 Rd6
34. Kd2 g5 35. h4 gxh4 36. Rxh4 Rg6 37. Rh2 h4 38. Kxd3 Rd6+ 39. Kc3 Rh6 40. a4
Kf6 41. Rh1 Kf5 42. Re1 h3 43. gxh3 Rxh3 44. Re3 Kf4 45. Rd3 Rh7 46. c5 Rf7 47.
b5 Ke5 48. Kb4 Rc7 49. bxa6 bxa6 50. Rd6 a5+ 51. Kb5 Rc8 52. Rd3 Rb8+ 53. Kxa5
Rb2 54. c6 Rc2 55. Kb6 Rb2+ 56. Kc7 Ra2 57. Kd8 Rh2 58. c7 Rh8+ 59. Kd7 Rh7+
60. Kc6 1-0

[Event "Plzen KB op-C U18"]
[Site "Plzen"]
[Date "1997.??.??"]
[Round "7"]
[White "Szarowski, Daniel"]
[Black "Sladek, Jaroslav"]
[Result "1-0"]
[WhiteElo "1905"]
[BlackElo "1910"]
[PlyCount "65"]
[EventDate "1997.??.??"]
[EventRounds "9"]
[EventCountry "CZE"]
[Source "ChessBase"]
[SourceDate "1996.11.15"]

1. e4 e5 2. Nf3 f5 3. exf5 e4 4. Ne5 Nf6 5. Be2 d6 6. Bh5+ Ke7 7. Nc4 Bxf5 8.
Ne3 Qd7 9. Nxf5+ Qxf5 10. Be2 Nc6 11. O-O Nd4 12. d3 Nxe2+ 13. Qxe2 Kd7 14.
dxe4 Qxe4 15. Qb5+ Kc8 16. Qb3 a5 17. Nc3 a4 18. Qf7 Qe8 19. Qc4 Qd7 20. Re1 d5
21. Qh4 h6 22. Bg5 Bc5 23. Bxf6 gxf6 24. Rad1 Ra5 25. Re2 a3 26. b4 Ra4 27.
Nxa4 Qxa4 28. Qh3+ Kb8 29. bxc5 Qc4 30. Red2 Qxa2 31. Qb3 Qb2 32. Rxd5 Ka7 33.
Qa4+ 1-0

[Event "Plzen KB op-C U18"]
[Site "Plzen"]
[Date "1997.??.??"]
[Round "7"]
[White "Tenk, Petr"]
[Black "Baumruk, Josef"]
[Result "1/2-1/2"]
[WhiteElo "1885"]
[BlackElo "1875"]
[PlyCount "202"]
[EventDate "1997.??.??"]
[EventRounds "9"]
[EventCountry "CZE"]
[Source "ChessBase"]
[SourceDate "1996.11.15"]

1. d4 Nf6 2. e3 c5 3. c3 e6 4. Bd3 Be7 5. f4 b6 6. Qe2 Bb7 7. Nf3 O-O 8. Nbd2
d6 9. e4 Nbd7 10. e5 Nh5 11. Ne4 dxe5 12. dxe5 f5 13. Neg5 Bxf3 14. Nxf3 g6 15.
Be3 Qc7 16. O-O Nb8 17. Rad1 Nc6 18. Bc4 Ng7 19. Qc2 Rfd8 20. Bf2 Rxd1 21. Rxd1
Rd8 22. Rxd8+ Qxd8 23. Qa4 Na5 24. Be2 Qe8 25. Bb5 Qc8 26. Be3 h6 27. Bd2 a6
28. Bf1 c4 29. Be3 Qc7 30. g3 b5 31. Qd1 Qd8 32. Qxd8+ Bxd8 33. Bg2 Nc6 34. Bc5
g5 35. Nd2 Nb8 36. Ba7 Bc7 37. Bb7 a5 38. Bxb8 Bxb8 39. Kg2 Ne8 40. a4 gxf4 41.
gxf4 b4 42. cxb4 axb4 43. Nxc4 Kf8 44. Na5 Ba7 45. Nc6 Bc5 46. a5 Nc7 47. a6
Nb5 48. Bc8 Kf7 49. Nd8+ Ke7 50. Nxe6 Bb6 51. Kf1 Na7 52. Ng7 Nxc8 53. Nxf5+
Ke6 54. Nxh6 Ne7 55. Ke2 Kd5 56. Kd3 Ng6 57. Ng4 Nxf4+ 58. Kc2 Kc4 59. e6 Nxe6
60. Ne5+ Kb5 61. Nd3 Nd4+ 62. Kd2 Nc6 63. h4 Kxa6 64. Nxb4+ Nxb4 65. Ke2 Bd4
66. b3 Kb5 67. Kf3 Kc5 68. Ke4 Nc6 69. h5 Bh8 70. h6 Na5 71. b4+ Kxb4 72. Kd5
Nc4 73. Ke6 Ne5 74. Kd5 Nf7 75. Ke4 Nxh6 76. Kd5 Bb2 77. Kc6 Nf5 78. Kd5 Kb5
79. Ke4 Ne7 80. Kf3 Kc4 81. Ke4 Nd5 82. Kf3 Kd3 83. Kg2 Ke2 84. Kh1 Kf2 85. Kh2
Nf6 86. Kh1 Ne4 87. Kh2 Ng3 88. Kh3 Kf3 89. Kh2 Bd4 90. Kh3 Bg1 91. Kh4 Kf4 92.
Kh3 Kf3 93. Kh4 Ne4 94. Kh3 Nf2+ 95. Kh4 Kf4 96. Kh5 Kf5 97. Kh4 Bh2 98. Kh5
Bg3 99. Kh6 Kf6 100. Kh5 Kf5 101. Kh6 Ng4+ 1/2-1/2

[Event "Plzen KB op-C U18"]
[Site "Plzen"]
[Date "1997.??.??"]
[Round "5"]
[White "Tenk, Petr"]
[Black "Kalista, Karel"]
[Result "0-1"]
[WhiteElo "1885"]
[BlackElo "1815"]
[PlyCount "112"]
[EventDate "1997.??.??"]
[EventRounds "9"]
[EventCountry "CZE"]
[Source "ChessBase"]
[SourceDate "1996.11.15"]

1. e4 e6 2. d4 d5 3. Nd2 Nf6 4. e5 Nfd7 5. c3 c5 6. Ndf3 Nc6 7. Ne2 Qb6 8. a3
a5 9. g3 Be7 10. Bh3 cxd4 11. cxd4 O-O 12. O-O a4 13. Nc3 Qa6 14. Re1 Nb6 15.
Ng5 h6 16. Nf3 Nc4 17. Nh4 Bxh4 18. gxh4 Qb6 19. Nxa4 Qxd4 20. b3 Qxh4 21. bxc4
Qxh3 22. Re3 Qh4 23. Nb6 Ra6 24. Nxc8 Rxc8 25. cxd5 exd5 26. Qxd5 Rd8 27. Qe4
Rd1+ 28. Kg2 Qxe4+ 29. Rxe4 Nd4 30. Bb2 Rxa1 31. Bxa1 Nc2 32. Bb2 b5 33. Kf1
Kf8 34. Ke2 Nxa3 35. Rb4 Nc4 36. Bd4 Ra2+ 37. Kf3 Nd2+ 38. Kf4 Ra4 39. Rxa4
bxa4 40. Bc5+ Ke8 41. h4 g6 42. Ke3 Nb3 43. Ba3 Kd7 44. f4 h5 45. f5 gxf5 46.
Kf4 Ke6 47. Bb2 Na5 48. Kg5 Nc4 49. Bc3 Nxe5 50. Kxh5 Nf3 51. Bb2 Kd5 52. Bf6
a3 53. Bc3 a2 54. Kh6 f4 55. h5 Ke6 56. Kg7 Ng5 0-1

[Event "Plzen KB op-C U18"]
[Site "Plzen"]
[Date "1997.??.??"]
[Round "1"]
[White "Tenk, Petr"]
[Black "Lener, Jaroslav"]
[Result "1-0"]
[WhiteElo "1885"]
[BlackElo "1750"]
[PlyCount "87"]
[EventDate "1997.??.??"]
[EventRounds "9"]
[EventCountry "CZE"]
[Source "ChessBase"]
[SourceDate "1996.11.15"]

1. d4 Nf6 2. e3 d5 3. Bd3 Nc6 4. f4 g6 5. c3 Bg7 6. Nf3 Bd7 7. Ne5 Qc8 8. Nxd7
Qxd7 9. O-O e6 10. Nd2 a6 11. Nb3 b6 12. a4 Qd8 13. a5 b5 14. Nc5 Nb8 15. b4 c6
16. Qf3 Nbd7 17. Nb3 h5 18. Nd2 O-O 19. h3 Ne8 20. e4 Nd6 21. g4 hxg4 22. hxg4
Qh4 23. e5 Ne8 24. g5 Qh5 25. Qxh5 gxh5 26. Be2 h4 27. Kg2 Bh8 28. Rh1 Ng7 29.
Bg4 Rfe8 30. Rxh4 Nf8 31. Nf3 Ng6 32. Rh2 Kf8 33. Bd2 Ke7 34. Rah1 Rg8 35. Rh7
Nf5 36. Bxf5 exf5 37. Nh4 Ke6 38. Nxg6 fxg6 39. Rc7 Rac8 40. Rhh7 Rxc7 41. Rxc7
c5 42. Rxc5 Ra8 43. Rc6+ Kf7 44. Rd6 1-0

[Event "Plzen KB op-C U18"]
[Site "Plzen"]
[Date "1997.??.??"]
[Round "3"]
[White "Tenk, Petr"]
[Black "Vlk, Miroslav"]
[Result "1/2-1/2"]
[WhiteElo "1885"]
[BlackElo "1925"]
[PlyCount "78"]
[EventDate "1997.??.??"]
[EventRounds "9"]
[EventCountry "CZE"]
[Source "ChessBase"]
[SourceDate "1996.11.15"]

1. d4 d5 2. Nf3 Nf6 3. Bg5 Bf5 4. e3 c6 5. Bd3 Bxd3 6. Qxd3 Ne4 7. Bh4 Qb6 8.
Qb3 Qxb3 9. axb3 Nd7 10. Nbd2 Nxd2 11. Nxd2 e5 12. Bg3 f6 13. O-O a6 14. f4
exd4 15. exd4 Bd6 16. Rae1+ Kf7 17. Re2 Rhe8 18. Rfe1 Rxe2 19. Rxe2 a5 20. c4
a4 21. bxa4 Rxa4 22. b3 Ra2 23. Kf2 Rb2 24. c5 Bc7 25. f5 Bxg3+ 26. Kxg3 g6 27.
Kf4 Rc2 28. g4 Rc3 29. Re3 Rc1 30. g5 Rd1 31. Nf3 fxg5+ 32. Nxg5+ Kf8 33. Nxh7+
Kg8 34. fxg6 Rxd4+ 35. Kf5 Nxc5 36. Ng5 Rd2 37. Re8+ Kg7 38. Re7+ Kg8 39. Re8+
Kg7 1/2-1/2

[Event "Plzen KB op-C U18"]
[Site "Plzen"]
[Date "1997.??.??"]
[Round "3"]
[White "Vanek, Jiri"]
[Black "Baumruk, Josef"]
[Result "0-1"]
[WhiteElo "1755"]
[BlackElo "1875"]
[PlyCount "70"]
[EventDate "1997.??.??"]
[EventRounds "9"]
[EventCountry "CZE"]
[Source "ChessBase"]
[SourceDate "1996.11.15"]

1. d4 Nf6 2. Nf3 c5 3. d5 g6 4. c4 Bg7 5. Nc3 O-O 6. e4 d6 7. Bd3 Nbd7 8. O-O
Nb6 9. Bg5 h6 10. Bh4 Nh5 11. Nd2 Nf4 12. Bc2 Bd7 13. Qf3 g5 14. Bg3 Ng6 15.
Qd3 f5 16. exf5 Bxf5 17. Nde4 Ne5 18. Bxe5 Bxe5 19. Rae1 Qe8 20. Ne2 Bxb2 21.
f4 Qg6 22. N2g3 Bxe4 23. Nxe4 Rxf4 24. Nf6+ Qxf6 25. Qh7+ Kf8 26. Rxf4 gxf4 27.
Re6 Bd4+ 28. Kf1 Qg7 29. Qe4 Nxc4 30. Ke2 Qg4+ 31. Qf3 Qxf3+ 32. Kxf3 Bf6 33.
Kxf4 Ne5 34. Kf5 Kf7 35. Bd1 b5 0-1

[Event "Plzen KB op-C U18"]
[Site "Plzen"]
[Date "1997.??.??"]
[Round "7"]
[White "Vanek, Jiri"]
[Black "Micka, Vladislav"]
[Result "0-1"]
[WhiteElo "1755"]
[BlackElo "1630"]
[PlyCount "52"]
[EventDate "1997.??.??"]
[EventRounds "9"]
[EventCountry "CZE"]
[Source "ChessBase"]
[SourceDate "1996.11.15"]

1. d4 Nf6 2. Nf3 d5 3. Bf4 e6 4. e3 Bd6 5. Bg3 Ne4 6. Bd3 Nc6 7. c3 Bd7 8. Qc2
f5 9. Bxd6 cxd6 10. Nbd2 Qf6 11. Nb3 Rc8 12. a3 a5 13. Bb5 O-O 14. Bxc6 bxc6
15. Nxa5 c5 16. Nb7 Rc7 17. Nxd6 Nxd6 18. Ne5 Bb5 19. O-O-O cxd4 20. exd4 Ra8
21. Qd2 Ne4 22. Qf4 Rxa3 23. bxa3 Rxc3+ 24. Kb2 Qe7 25. Ra1 Ba4 26. Nc6 Rc2+
0-1

[Event "Plzen KB op-C U18"]
[Site "Plzen"]
[Date "1997.??.??"]
[Round "1"]
[White "Vanek, Jiri"]
[Black "Vlk, Miroslav"]
[Result "0-1"]
[WhiteElo "1755"]
[BlackElo "1925"]
[PlyCount "116"]
[EventDate "1997.??.??"]
[EventRounds "9"]
[EventCountry "CZE"]
[Source "ChessBase"]
[SourceDate "1996.11.15"]

1. d4 d5 2. Nf3 Nf6 3. Bf4 Bf5 4. e3 e6 5. Bd3 Bg6 6. h3 Nc6 7. Bxg6 hxg6 8. c3
Bd6 9. Bg5 Qd7 10. Bxf6 gxf6 11. Nbd2 O-O-O 12. Qc2 e5 13. dxe5 fxe5 14. O-O-O
e4 15. Nd4 Ne5 16. Rhf1 Nd3+ 17. Kb1 c5 18. Ne2 f5 19. f3 Be5 20. fxe4 dxe4 21.
Nc4 Bc7 22. Rd2 Qb5 23. Na3 Qc6 24. Rfd1 Kb8 25. c4 Be5 26. Nc3 Bxc3 27. Qxc3
Rh7 28. Nc2 Rhd7 29. Ne1 Nxe1 30. Rxd7 Rxd7 31. Qxe1 a6 32. b3 Ka7 33. Kc2 Qc7
34. Rxd7 Qxd7 35. Qd2 Qxd2+ 36. Kxd2 Kb6 37. g4 fxg4 38. hxg4 Kc6 39. a3 b6 40.
Kc3 Kd6 41. Kd2 Ke5 42. Ke1 Kf6 43. Kf2 Ke7 44. a4 Kd6 45. g5 Ke5 46. Kg3 Kf5
47. a5 bxa5 48. Kh4 a4 49. bxa4 a5 50. Kh3 Kxg5 51. Kg3 Kf5 52. Kh3 g5 53. Kg3
Kf6 54. Kh3 Kg7 55. Kg3 Kh6 56. Kh2 g4 57. Kg2 Kh5 58. Kf1 g3 0-1

[Event "Plzen KB op-C U18"]
[Site "Plzen"]
[Date "1997.??.??"]
[Round "4"]
[White "Vit, Jiri"]
[Black "Adamek, Frantisek"]
[Result "1/2-1/2"]
[WhiteElo "2050"]
[BlackElo "2050"]
[PlyCount "51"]
[EventDate "1997.??.??"]
[EventRounds "9"]
[EventCountry "CZE"]
[Source "ChessBase"]
[SourceDate "1996.11.15"]

1. f4 d5 2. Nf3 c5 3. e3 g6 4. Be2 Nf6 5. b3 Bg7 6. Bb2 O-O 7. O-O Nc6 8. h3
Ne4 9. Bxg7 Kxg7 10. Qe1 Nd6 11. Ne5 f6 12. Nxc6 bxc6 13. Nc3 Qa5 14. g4 Ba6
15. Bxa6 Qxa6 16. d3 Qc8 17. e4 dxe4 18. Nxe4 Nxe4 19. Qxe4 Qd7 20. Rae1 Rae8
21. Qc4 h5 22. f5 hxg4 23. hxg4 Rh8 24. Rf4 g5 25. Rf2 Rh4 26. Re4 1/2-1/2

[Event "Plzen KB op-C U18"]
[Site "Plzen"]
[Date "1997.??.??"]
[Round "8"]
[White "Vit, Jiri"]
[Black "Rybak, Milan"]
[Result "1/2-1/2"]
[WhiteElo "2050"]
[BlackElo "2225"]
[PlyCount "20"]
[EventDate "1997.??.??"]
[EventRounds "9"]
[EventCountry "CZE"]
[Source "ChessBase"]
[SourceDate "1996.11.15"]

1. Nf3 Nf6 2. c4 e6 3. Nc3 d5 4. d4 c5 5. e3 Nc6 6. a3 a6 7. dxc5 Bxc5 8. b4
Bb6 9. Bb2 O-O 10. Be2 dxc4 1/2-1/2

[Event "Plzen KB op-C U18"]
[Site "Plzen"]
[Date "1997.??.??"]
[Round "6"]
[White "Vit, Jiri"]
[Black "Vlk, Miroslav"]
[Result "1-0"]
[WhiteElo "2050"]
[BlackElo "1925"]
[PlyCount "41"]
[EventDate "1997.??.??"]
[EventRounds "9"]
[EventCountry "CZE"]
[Source "ChessBase"]
[SourceDate "1996.11.15"]

1. d4 d5 2. Nf3 Nf6 3. c4 c6 4. Nc3 dxc4 5. a4 Bf5 6. Ne5 Nbd7 7. Nxc4 Qc7 8.
g3 Nd5 9. Bg2 N7f6 10. O-O e6 11. Qb3 Be7 12. f3 O-O 13. e4 Nxc3 14. bxc3 Bg6
15. Bf4 Qc8 16. a5 c5 17. Nd6 Qc6 18. Qxb7 Qxb7 19. Nxb7 Rac8 20. Nxc5 Bxc5 21.
dxc5 1-0

[Event "Plzen KB op-C U18"]
[Site "Plzen"]
[Date "1997.??.??"]
[Round "2"]
[White "Vlk, Miroslav"]
[Black "Cvikl, Michal"]
[Result "0-1"]
[WhiteElo "1925"]
[BlackElo "1855"]
[PlyCount "50"]
[EventDate "1997.??.??"]
[EventRounds "9"]
[EventCountry "CZE"]
[Source "ChessBase"]
[SourceDate "1996.11.15"]

1. c4 Nf6 2. Nc3 g6 3. d4 Bg7 4. e4 d6 5. Nf3 O-O 6. Be2 e5 7. dxe5 dxe5 8.
Qxd8 Rxd8 9. Bg5 Re8 10. O-O-O Nbd7 11. Ne1 c6 12. Nc2 Nc5 13. f3 a5 14. b3 Nh5
15. Be3 Bf8 16. Kb2 Be6 17. a3 Nf4 18. g3 Nxe2 19. Nxe2 b5 20. cxb5 Nxb3 21.
bxc6 Rec8 22. Nc3 Rxc6 23. Nd5 Rb8 24. Nb6 Nd4 25. Nxd4 Rbxb6+ 0-1

[Event "Plzen KB op-C U18"]
[Site "Plzen"]
[Date "1997.??.??"]
[Round "4"]
[White "Vlk, Miroslav"]
[Black "Micka, Vladislav"]
[Result "1-0"]
[WhiteElo "1925"]
[BlackElo "1630"]
[PlyCount "69"]
[EventDate "1997.??.??"]
[EventRounds "9"]
[EventCountry "CZE"]
[Source "ChessBase"]
[SourceDate "1996.11.15"]

1. c4 Nf6 2. Nc3 e6 3. g3 Nc6 4. Bg2 b6 5. Nf3 Rb8 6. O-O Bb7 7. b3 Be7 8. Bb2
O-O 9. d4 d5 10. cxd5 Nxd5 11. e4 Nxc3 12. Bxc3 Bf6 13. Rc1 Ba6 14. Re1 g6 15.
d5 Bxc3 16. Rxc3 {#} exd5 17. Rxc6 dxe4 18. Qxd8 Rbxd8 19. Ng5 e3 20. fxe3 Rd2
21. Rxc7 h6 22. Rxa7 Be2 23. Ne4 Rb2 24. Rd7 Rxa2 25. Rd2 Rxd2 26. Nxd2 Bd3 27.
Ra1 b5 28. Ra8 Rxa8 29. Bxa8 f5 30. e4 Kf7 31. exf5 gxf5 32. Kf2 Ke6 33. Ke3
Bc2 34. b4 Kd6 35. Nf3 1-0

[Event "Plzen KB op-C U18"]
[Site "Plzen"]
[Date "1997.??.??"]
[Round "8"]
[White "Vojir, Vaclav"]
[Black "Hercik, Josef"]
[Result "0-1"]
[WhiteElo "1915"]
[BlackElo "1905"]
[PlyCount "80"]
[EventDate "1997.??.??"]
[EventRounds "9"]
[EventCountry "CZE"]
[Source "ChessBase"]
[SourceDate "1996.11.15"]

1. e4 e5 2. Nf3 Nc6 3. Bc4 Nf6 4. d3 Be7 5. Nc3 d6 6. h3 O-O 7. a3 h6 8. Be3
Na5 9. Ba2 c5 10. O-O Nc6 11. Nh2 Nd4 12. f4 Qb6 13. Rb1 exf4 14. Bxf4 Be6 15.
Be3 Rac8 16. Nf3 Nd7 17. Nd5 Bxd5 18. Bxd5 Bf6 19. c3 Nb5 20. Qd2 Nc7 21. Ba2
Qc6 22. Qf2 d5 23. e5 Nxe5 24. Nxe5 Bxe5 25. Bxc5 Bd6 26. Be3 Rce8 27. Bxa7 Re6
28. Bd4 Rg6 29. Qd2 Ne6 30. Be3 Bc7 31. d4 Qd6 32. Rf3 Qh2+ 33. Kf1 Qh1+ 34.
Bg1 Ng5 35. Bxd5 Nxf3 36. Bxf3 Bh2 37. Qe3 Re6 38. Qf2 Rfe8 39. d5 Bxg1 40.
Qxg1 Re1+ 0-1